Statistics for Flags of Europe in 1815

Click here to take the quiz!

General Stats

  • This quiz has been taken 233 times
  • The average score is 23 of 39

Answer Stats

Answer% Correct
Russian Empire
99%
Spanish Empire
99%
United Kingdom of the Netherlands
96%
Ottoman Empire
94%
United Kingdom of Great Britain and Ireland
93%
Austrian Empire
92%
Kingdom of Denmark
92%
Kingdom of France
89%
United Kingdoms of Sweden and Norway
88%
Swiss Confederation
85%
Papal States
84%
Kingdom of Portugal
81%
Kingdom of Prussia
81%
Kingdom of Bavaria
69%
Republic of San Marino
68%
Principality of Monaco
66%
Kingdom of Saxony
63%
Kingdom of Sardinia
57%
Kingdom of Sicily
52%
Granc Duchy of Tuscany
46%
Kingdom of Naples (Sicily)
46%
Prince-Bishopric of Montenegro
46%
Principality of Andorra
46%
Free City of Hamburg
42%
Grand Duchy of Hesse
42%
Kingdom of Hanover
42%
Kingdom of Württemberg
41%
Free City of Bremen
37%
Principality of Liechtenstein
37%
Duchy of Nassau
35%
Duchy of Modena
32%
Grand Duchy of Oldenburg
32%
Anhalt Duchies
31%
Duchy of Parma
31%
Duchy of Lucca
29%
Free City of Frankfurt
28%
Grand Duchy of Saxe-Weimar-Eisenach
28%
Free City of Cracow
24%
Duchy of Brunswick
18%

Score Distribution

Percentile by Number Answered

Percent of People with Each Score

Your Score History

You have not taken this quiz